Statystyki dla Supermarkety

Kliknij tutaj aby rozwiązać quiz!

Ogólne statystyki

  • Ten quiz został rozwiązany 827 razy
  • Średni wynik to 10 z 19

Statystyki odpowiedzi

Pierwsza literaOdpowiedź% Poprawnych
BBiedronka
96%
LLidl
92%
AAuchan
79%
TTesco
75%
KKaufland
72%
CCarrefour
71%
DDino
70%
AAldi
69%
LLewiatan
56%
NNetto
54%
SStokrotka
45%
PPiotr i Paweł
41%
IIntermarche
40%
PPolomarket
35%
DDelikatesy Centrum
33%
MMakro
27%
SSelgros
20%
EE.Leclerc
19%
MMila
14%

Rozkład punktacji

Percentyl według liczby udzielonych odpowiedzi

Procent ludzi z każdym wynikiem

Twoja historia wyników

Nie rozwiązałeś tego quizu